000 00489nam a2200181Ia 4500
003 GCL
008 140319s9999 xx 000 0 eng d
040 _aGCL /
_cGCL
082 0 4 _a843
_bD D
100 1 _aD'AUREVILLY, JULES BARBEY
245 1 0 _aLES DIABOLIQUES /
_cD'AUREVILLY, JULES BARBEY
260 _a[S.N] :
_bLIBRAIRE GENERALE FRANCAISE ،
_c1985
300 _a412 P
490 _aLE LIVRE DE POCHE
_v0
650 0 4 _aLITERATURE
650 0 4 _aFRENCH LITERATURE
942 _2ddc
_cBK
999 _c22684
_d22684